Practical Phased Array Antenna Systems (Record no. 318724)

MARC details
000 -LEADER
fixed length control field 00423nam a2200157Ia 4500
008 - FIXED-LENGTH DATA ELEMENTS--GENERAL INFORMATION
fixed length control field 230718s9999 xx 000 0 und d
041 ## - LANGUAGE CODE
Language code of text/sound track or separate title eng
082 ## - DEWEY DECIMAL CLASSIFICATION NUMBER
Classification number 621.3824
Item number BRO
100 ## - MAIN ENTRY--PERSONAL NAME
Personal name Brookner E.
9 (RLIN) 158087
245 ## - TITLE STATEMENT
Title Practical Phased Array Antenna Systems
260 ## - PUBLICATION, DISTRIBUTION, ETC. (IMPRINT)
Name of publisher, distributor, etc. Artech
300 ## - PHYSICAL DESCRIPTION
Accompanying material [OBSOLETE, CAN/MARC] Ref 1067 E ME (29931)
365 ## - TRADE PRICE
Currency code Rs.
Price amount 9828.00
700 ## - ADDED ENTRY--PERSONAL NAME
Personal name Brookner E.
9 (RLIN) 158087
906 ## - LOCAL DATA ELEMENT F, LDF (RLIN)
d B:441605-May-2008
c ME ETC
b 20
Holdings
Withdrawn status Lost status Source of classification or shelving scheme Reference No Damaged status Not for loan Home library Current library Date acquired Vendor Budget Code Cost, normal purchase price Bill number Full call number Barcode Date last seen Discount Cost, replacement price Bill Date Koha item type Original Barcode
    Dewey Decimal Classification Ref 1067 E M. Tech. (29931)   Reference Cummins College of Engineering for Women Pune Cummins College of Engineering for Women Pune 26/05/2008 Tbs ME ETC 9808.00 4416 621.3824 CCEP-BK-29931 18/07/2023 20 9828.00 05/05/2008 Books 029931